| 000 | 00763nam a2200229 i 4500 | ||
|---|---|---|---|
| 001 | 170423 | ||
| 003 | ES-MaACL | ||
| 005 | 20250804044439.0 | ||
| 008 | 090304s1962 sp |||| | spa d | ||
| 080 | _a1(38) | ||
| 100 | 1 |
_aKirk, G. S. _9139588 |
|
| 245 | 1 | 4 |
_aThe presocratic philosophers _b: a critical history with a selection of texts / _cby G. S. Kirk [and] J. E. Raven. |
| 260 |
_aCambridge : _bUniversity Press, _c1962. |
||
| 300 |
_aXII, 487 p. ; _c22 cm. |
||
| 500 | _aÍndices. | ||
| 504 | _aBibliografía. | ||
| 650 | 4 |
_aPresocráticos. _916385 |
|
| 650 | 7 |
_aFilosofía griega _2embne _912849 |
|
| 700 | 1 |
_aRaven, J. E. _9139589 |
|
| 852 | 4 |
_aES-MaACL _jE-12473 _9R.140088 _z. - Biblioteca Jacinto Martínez Lacalle |
|
| 999 |
_c170423 _d170423 |
||